Systém prepojenia mobilných zariadení so zariadeniami Funtoro

Uložené v:
Podrobná bibliografia
Hlavný autor: Zemaník, Lukáš (Autor)
Ďalší autori: Pištek, Peter (Vedúci práce)
Médium: Rukopis Kniha
Jazyk:Slovak
Vydavateľské údaje: 2016
Predmet:
On-line prístup:http://is.stuba.sk/zp/portal_zp.pl?podrobnosti=131373
Tagy: Pridať tag
Žiadne tagy, Buďte prvý, kto otaguje tento záznam!

MARC

LEADER 00000ntm a22000003a 4500
001 stuzp58966
003 SK-STU
005 20160719155723.5
007 ta
008 150427s2015----xo-----f-mn---000-0-slo-d
040 |a STU  |b slo 
041 0 |a slo 
100 1 |a Zemaník, Lukáš  |u 070400  |k Z4  |4 aut  |U FIIT Fakulta informatiky a informačných technológií  |T FIIT Ústav počítačového inžinierstva a aplikovanej informatiky  |X 64570  |U I400  |Y 672  |7 A000064570 
242 0 1 |a System of connecting mobile devices with Funtoro devices  |y eng 
245 1 0 |a Systém prepojenia mobilných zariadení so zariadeniami Funtoro 
260 |c 2016 
650 4 |a Funtoro  |2 slo 
650 4 |a Android  |2 slo 
650 4 |a Multimédiá  |2 slo 
650 4 |a Funtoro  |2 eng 
650 4 |a Android  |2 eng 
650 4 |a Multimedia  |2 eng 
700 1 |a Pištek, Peter  |u 070400  |k Z1  |4 ths  |U FIIT Fakulta informatiky a informačných technológií  |T FIIT Ústav počítačového inžinierstva a aplikovanej informatiky  |X 20920  |U I400  |Y 672  |7 20920 
856 4 |u http://is.stuba.sk/zp/portal_zp.pl?podrobnosti=131373 
996 |b 8214  |c I* DIP 38/2016  |l II680  |s P  |a 0  |w stuzp58966_0001 
SQL |a stuzp58966  |b DDP  |c SLO  |d Systém prepojenia mobilných zariadení so zariadeniami Funtoro  |e 64570  |f Zemaník, Lukáš  |g 070400  |h 20920  |i Pištek, Peter  |j 20160613  |k 211  |l 07  |m http://is.stuba.sk/zp/portal_zp.pl?podrobnosti=131373  |n I-SI2  |o 9.2.5. softvérové inžinierstvo